| 000 | 00363cam a22001217a 4500 | ||
|---|---|---|---|
| 008 | 180718b1989 xxu||||| |||| 00| 0 eng d | ||
| 082 | _aU604x54 M697 | ||
| 100 | _aMittal, D.K. | ||
| 245 |
_aCost structure for pricing in public enterprises _cby D.K. Mittal |
||
| 260 |
_aNew Delhi _bAnmol _c1989 |
||
| 300 | _a269p. | ||
| 650 | _aGovernment Enterprise - Costs - India | ||
| 999 |
_c349210 _d349210 |
||